000 00350 a2200157 4500
001 192771
020 _a978-85-260-1418-3
040 _cMagnum
100 _aMachado, Ana Maria
240 1 0 _aMistérios do mar oceano
_lpor
245 1 0 _aMistérios do mar oceano
300 _a111
362 0 _a2009
697 _aLITERATURA JUVENIL
942 _cBK
999 _c192771
_d192771